Conferencia del urbanista Doxiadis
Publicado:
San Jorge, núm. 86 - 87 (2n i 3r trimestre 1972), pàg 125 :
MARC
| LEADER | 00000nam a2200000Ia 4500 | ||
|---|---|---|---|
| 008 | 160829s9999 xx 000 0 cat d | ||
| 245 | |a Conferencia del urbanista Doxiadis | ||
| 260 | |a San Jorge, núm. 86 - 87 (2n i 3r trimestre 1972), pàg 125 | ||
| 650 | |a Doxiadis, Constantinos A. |9 36674 | ||
| 650 | |a Urbanisme |9 30914 | ||
| 650 | 0 | |a Conferències |9 55184 | |
| 901 | |a Arxiu | ||
| 942 | |n 1 |2 udc | ||
| 952 | |0 0 |1 0 |4 0 |7 1 |9 47429 |a Arxiu |b Arxiu |d 2016-12-01 |l 0 |r 2016-12-01 00:00:00 |w 2016-12-01 |y ARXIU | ||
| 999 | |c 51227 |d 51227 | ||